000 00462nam a2200169Ia 4500
008 110201s9999 xx 000 0 und d
082 _bB1943
_aKS 163
100 _aभावे पु.भा.
245 _aबंगला
260 _bमेनका प्रकाशन
365 _b10
600 _aभावे पु.भा.
630 _aबंगला
700 _aभावे पु.भा.
730 _aबंगला
942 _cBOOK
999 _c829060
_d829057